ՀՀ Գիտությունների ազգային ակադեմիայի հիմնարար գիտական գրադարան  =   Fundamental Scientific Library of NAS RA

Межхозяйственная кооперация в животноводстве / (Record no. 379810)

MARC details
000 -LEADER
fixed length control field 00774nam a2200193 a 4500
001 - CONTROL NUMBER
control field 001197180
003 - CONTROL NUMBER IDENTIFIER
control field AM-YeHGA
005 - DATE AND TIME OF LATEST TRANSACTION
control field 20250617152902.0
008 - FIXED-LENGTH DATA ELEMENTS--GENERAL INFORMATION
fixed length control field 161214s1978 ru r 000 0 rus d
040 ## - CATALOGING SOURCE
Original cataloging agency AM-YeHGA
041 0# - LANGUAGE CODE
Language code of text/sound track or separate title rus
090 ## - LOCALLY ASSIGNED LC-TYPE CALL NUMBER (OCLC); LOCAL CALL NUMBER (RLIN)
-- 381730
100 1# - MAIN ENTRY--PERSONAL NAME
Personal name Онисовец, Владимир Константинович
245 10 - TITLE STATEMENT
Title Межхозяйственная кооперация в животноводстве /
Statement of responsibility, etc. В.К. Онисовец.
260 ## - PUBLICATION, DISTRIBUTION, ETC.
Place of publication, distribution, etc. Москва :
Name of publisher, distributor, etc. Знание,
Date of publication, distribution, etc. 1978.
300 ## - PHYSICAL DESCRIPTION
Extent 64 с. :
Other physical details ил.
440 #0 - SERIES STATEMENT/ADDED ENTRY--TITLE
Title Новое в жизни, науке, технике
Name of part/section of a work Серия "Сельское хозяйство"
Volume/sequential designation 11
653 0# - INDEX TERM--UNCONTROLLED
Uncontrolled term Животноводство - Специализация и кооперирование
Holdings
Withdrawn status Lost status Damaged status Not for loan Collection Home library Current library Date acquired Cost, normal purchase price Total checkouts Full call number Barcode Date last seen Price effective from Koha item type Public note
        General Fundamental Scientific Library Fundamental Scientific Library 11/01/2017 3550.00   РII/426761 FL0441560 11/01/2017 11/01/2017 Գրքեր / Books 30 Days Loan


ՀՀ ԳԱԱ հիմնարար գիտական գրադարան
ՀՀ,Երևան 0019
Մարշալ Բաղրամյան 24/6
հեռախոս:(374-10) 52-47-50
Հետադարձ կապ

All site content, except where otherwise noted, is licensed under a
Creative Commons License